Govt. of
Madhya Pradesh

NTA UGC Net/Set/Jrf Teaching And Research Aptitude General Paper 1 (Record no. 66893)

MARC details
000 -LEADER
fixed length control field 00330nam a22001217a 4500
082 ## - DEWEY DECIMAL CLASSIFICATION NUMBER
Classification number 370/MAD
100 ## - MAIN ENTRY--AUTHOR NAME
Personal name Madan,K.V.S
245 ## - TITLE STATEMENT
Title NTA UGC Net/Set/Jrf Teaching And Research Aptitude General Paper 1
250 ## - EDITION STATEMENT
Edition statement 8EN
260 ## - PUBLICATION, DISTRIBUTION, ETC. (IMPRINT)
Place of publication UP
Name of publisher Pearson India Education Service Pvt.Ltd.
Year of publication 2024
650 ## - SUBJECT ADDED ENTRY--TOPICAL TERM
Topical Term Education
942 ## - ADDED ENTRY ELEMENTS (KOHA)
Koha item type Books
Holdings
Withdrawn status Lost status Damaged status Not for loan Home library Current library Date acquired Cost, normal purchase price Full call number Accession Number Price effective from Koha item type
        MACL MACL 02/06/2024 575.00 370/MAD DPI002208 02/06/2024 Books